| 000 | 00642nam a2200205Ia 4500 | ||
|---|---|---|---|
| 003 | OSt | ||
| 005 | 20240816145717.0 | ||
| 008 | 210210b1984 xxu||||| |||| 00| 0 eng d | ||
| 040 | _cAL | ||
| 041 | _aSanskrit | ||
| 082 | _aS891.2 BHAC | ||
| 100 |
_aBHATTA (L T) _dभट्ट (एल टी) _9177451 |
||
| 245 |
_aBhas virachit natakam: charudattam _bभास विरचित् नतकम् : चरुदत्तम् |
||
| 260 |
_aMangaluru _b- _c1984 |
||
| 300 | _axvi,77 | ||
| 690 |
_aSanskrit Drama _9177452 |
||
| 700 |
_aKRASHNA BHATTA _d कृष्ण भट्ट _9177453 |
||
| 906 | _aSG02457 | ||
| 942 |
_2ddc _cBK |
||
| 999 |
_c144154 _d144154 |
||